Top 10 most played ABBA songs - Statistics

General Stats
  • This quiz has been taken 121 times
  • The average score is 5 of 10
Answer Stats
Album Song % Correct
Arrival Dancing Queen
91%
Waterloo Waterloo
84%
Abba Mamma Mia
80%
Super Trouper The Winner Takes It All
48%
Abba S.O.S
43%
The Album Take A Chance On Me
41%
Arrival Knowing Me, Knowing You
29%
The Album The Name Of The Game
22%
Voulez-Vous Does Your Mother Know
19%
Voulez-Vous Gimme! Gimme! Gimme! (A Man After Midnight)
5%
No matching quizzes found
Score Distribution
Percent of People with Each Score
Percentile by Number Answered
Your Score History
You have not taken this quiz